Creadores de hits : la ciencia de la popularidad en la era de la distracción /

Detalles Bibliográficos
Autor principal: Thompson, Derek, 1986- (Autor)
Otros Autores: Krauss Ceballos, Edgar (Traductor)
Formato: Electrónico eBook
Lenguaje:español
inglés
Publicado: Ciudad de México : Océano, [2018]
Edición:Primera edición en libro electrónico.
Materias:
Acceso en línea:Digitalia Hispánica

MARC

LEADER 00000nam a2200000Ii 4500
001 DIGOCEANO0041
003 NyNyDIG
006 m o d
007 cr |||||||||||
008 240404s2018 mx a ob 000 0 spa d
035 |a (OCoLC)1142188327 
040 |a DGITA  |b eng  |e rda  |e pn  |c DGITA 
020 |a 9786075275017  |q eBook 
020 |z 9786075274997 
041 1 |a spa  |h eng 
050 1 4 |a HC79.C6 ebook 
082 0 4 |a 306.3  |2 23 
100 1 |a Thompson, Derek,  |d 1986-  |e author. 
240 1 0 |a Hit makers.  |l Spanish  |s (Krauss Ceballos) 
245 1 0 |a Creadores de hits :  |b la ciencia de la popularidad en la era de la distracción /  |c Derek Thompson ; traducción de Edgar Krauss Ceballos. 
250 |a Primera edición en libro electrónico. 
264 1 |a Ciudad de México :  |b Océano,  |c [2018] 
300 |a 1 online resource :  |b illustrations. 
336 |a text  |b txt  |2 rdacontent 
337 |a computer  |b c  |2 rdamedia 
338 |a online resource  |b cr  |2 rdacarrier 
347 |a text file  |2 rdaft 
347 |b EPUB 
504 |a Includes bibliographical references. 
588 0 |a Online resource; title from ePub title page (Digitalia, viewed April 4, 2024) 
650 0 |a Consumers. 
650 0 |a Popularity  |x Social aspects. 
650 0 |a Marketing  |x Social aspects. 
650 0 |a Product management. 
700 1 |a Krauss Ceballos, Edgar,  |e translator. 
700 1 |i Translation of:  |a Thompson, Derek,  |d 1986-  |t Hit makers. 
791 2 |a Digitalia (Firm),  |e distributor. 
793 0 |g Digitalia eBook Collection:  |a Editorial Océano 
776 0 8 |i Print version:  |a Thompson, Derek, 1986-  |s Hit makers. Spanish (Krauss Ceballos).  |t Creadores de hits.  |b Primera edición.  |d Ciudad de México : Océano, [2018]  |z 9786075274997 
856 4 0 |3 Digitalia Hispánica  |u https://www.digitaliapublishing.com/a/97045/ 
910 |a Premium collection: 2024